Football Club Logos #3 - Statistics

General Stats
  • This quiz has been taken 65 times
  • The average score is 11 of 16
Answer Stats
Picture Answer % Correct
Feyenoord
91%
LA Galaxy
91%
Leeds United
91%
Atalanta
86%
Zenit St Petersburg
82%
Werder Bremen
77%
Nice
75%
Valencia
68%
Braga
65%
Kaizer Chiefs
65%
Rapid Wien
60%
Colo-Colo
53%
Djurgården
51%
Ipswich Town
51%
Union Berlin
49%
AEK Athens
47%
No matching quizzes found
Score Distribution
Percent of People with Each Score
Percentile by Number Answered
Your Score History
You have not taken this quiz